=LDR 00000nam 2200000 4500 =001 INLIS000000000052578 =005 20180219091642 =035 ##$$a 0010-0218000274 =007 ta =008 180219###########################0###### =020 ##$$a 978-602-217-404-2 =082 ##$$a 507.2 =084 ##$$a 507.2 ASI m =100 #$$a Asih widi wisudawati =245 1#$$a Metodologi pembelajaran IPA /$c Asih widi wisudawati =250 ##$$a cet.1 =260 ##$$a Jakarta :$b Bumi Aksara,$c 2017 =300 ##$$a 267 hlm : $b ilus. ; $c 23 cm =650 ##$$a Sains-metodologi =504 ##$$a Bibliografi ; hlm 274 =990 ##$$a 40704070 =990 ##$$a 40704070 =990 ##$$a 40704070 =990 ##$$a 40704070 =990 ##$$a 40704070 =990 ##$$a 21709321 =990 ##$$a 01201804070 =990 ##$$a 01201804071 =990 ##$$a 01201804072 =990 ##$$a 01201804073 =990 ##$$a 21709322 =990 ##$$a 01201804070 =990 ##$$a 01201804071 =990 ##$$a 01201804072 =990 ##$$a 21709321 =990 ##$$a 21709323 =990 ##$$a 01201804070 =990 ##$$a 01201804071 =990 ##$$a 21709322 =990 ##$$a 21709321 =990 ##$$a 21709324 =990 ##$$a 01201804070 =990 ##$$a 21709323 =990 ##$$a 21709322 =990 ##$$a 21709321 =990 ##$$a 21709325 =990 ##$$a 21709324 =990 ##$$a 21709323 =990 ##$$a 21709322 =990 ##$$a 21709321